Účtovanie cenných papierov od roku 2003

Cenné papiere určené na obchodovanie, na predaj, držané do splatnosti, obstarané v primárnych emisiách neurčené na obchodovanie. Oceňovanie cenných papierov, účtovanie cenných papierov.

Gespeichert in:
Bibliographische Detailangaben
1. Verfasser: Andrášiková, Dagmar
Format: Buchkapitel
Sprache:Slowakisch
Schlagworte:
Tags: Tag hinzufügen
Keine Tags, Fügen Sie das erste Tag hinzu!

MARC

LEADER 00000naa a2200000 4500
001 r049148
005 20230918115125.4
041 0 |a slo 
044 |a SK 
245 1 0 |a Účtovanie cenných papierov od roku 2003  |c Dagmar Andrášiková 
520 |a Cenné papiere určené na obchodovanie, na predaj, držané do splatnosti, obstarané v primárnych emisiách neurčené na obchodovanie. Oceňovanie cenných papierov, účtovanie cenných papierov. 
610 2 0 |a papiere cenné 
610 2 0 |a oceňovanie 
610 2 0 |a účtovanie 
100 1 |a Andrášiková, Dagmar